MDQL
is popping MORE tags! Check the
thread
!
Quizzes
Events
Quiz Creation
Community
Videos
Private Events
Remove Ads
Sign In
Join for FREE
Feedback
Dark Mode
Quiz Categories
Sports
Geography
Music
Movies
Television
Just For Fun
Miscellaneous
History
Literature
Language
Science
Gaming
Entertainment
Religion
Holiday
For Kids
Quiz Lab
Recent
Popular Today
Quiz Kudos Today
Editor Picks
Curator Picks
Quizzes by...
Day
Popularity
Type
Ratings
Length
Year
Community
Subscriptions
Recent Discussions
Orange Saloon
Badges
Playlists
Quests
Create
Leaderboards
Showdown
Live 5
Trivia Bingo
Activity
Puzzle Library
Sporcle Events
Private Events
Virtual Trivia
Globe League
Become a Host
Pub Owners
SporcleCon
Opinionation
Our Games
Videos
Blog
Mobile Apps
Partnerships
Remove Ads and Go Orange
Feedback
Entertainment
Celebrity
Famous
Musical
Broadway
Show
Quote
Comic Books
Anime
Superhero
DC Comics
Marvel
Cartoons
Animation
Entertainment
Celebrity
Famous
Musical
Broadway
Show
Quote
Comic Books
Anime
Superhero
DC Comics
Marvel
Cartoons
Animation
Random Quiz
Search Sporcle
×
Quiz Lab
Quiz Lab
Entertainment
ann
Type in answers that appear in a list
Type in answers that appear in a list
Classic
Best Score? Go Orange.
Pam Ann Characters Stats
Can you name the Pam Ann Impersonated Flight Attendants?
By
sha7
8m
19 Questions
24 Plays
24 Plays
24 Plays
Comments
Comments
Give Quiz Kudos
Give Quiz Kudos
-
- Ratings
hide this ad
Replay
Link that replays current quiz
Next Quiz
Link to next quiz in quiz playlist
You Got
0%
They Got
Avg Score
46%
Avg Friend Score
Upgrade to see
Score Distribution
Jump to the score distribution portion of the page
Score
0/19
Timer
08:00
0
Plays Today
Intended Airline
Name
% Correct
Pan Am Airways
Pam Ann
82.6%
Singapore Airlines
Lilly
73.9%
American Airlines
Valerie
73.9%
British Airways
Mona
65.2%
Virgin Atlantic Airways
Vanity
52.2%
Lufthansa
Helga
47.8%
EasyJet
Donna
43.5%
Qantas
Gloria
43.5%
Ryanair
Clodagh
39.1%
Air France
Chantal Jemaladonne
34.8%
Intended Airline
Name
% Correct
Emirates Airline/
Etihad Airways
Unnamed Arabic Woman
34.8%
Air India
Unnamed Indian Woman
34.8%
Olympic Airlines
Malaka Pustis
34.8%
Virgin Blue
Sarah
34.8%
Unspecified Japanese Airline
Unnamed Japanese Woman
34.8%
Alitalia
Vespa
30.4%
Scandinavian Airways System (SAS)
Heidi
26.1%
Iberia
Conchita Rosa María González Gómez
26.1%
Unspecified African Airline
Marcia
21.7%
Quiz Playlist
Details
Report
Send in Message
Add To Playlist
Classic:
Type in answers that appear in a list
Last Updated: Feb 16, 2017
Quiz Scoreboard
CHALLENGE
Sign Up to Join the Scoreboard
Show All
Scores
Hide
Comments
May contain spoilers
Recently Published
Holiday 10x10 Sorting Gallery
by lukepisani3
Holiday
15m
Two Season TV Shows II
by 123Four
Television
10m
Image Sorting: Flags VI
by Barbecue
Geography
2m
More to Explore
Quiz From the Vault
Featured Blog Post
14 Easter Pick-up Lines to Find Eggs With
hide this ad
You Might Also Like...
Tags
Airline
ann
Character
flight
Impersonated
Intended
pam
Today's Top Quizzes in Entertainment
Browse Entertainment
hide this ad
Today's Top Quizzes in ann
Browse ann
Top Contributed Quizzes in Entertainment
1
Movie-Themed Roller Coasters
2
Marvel Classic Character Map
3
Dragon Ball Z: Goku's Fights in Order
4
Marvel Characters Bunker
5
Sorting Pictures: Villains
6
Hamilton Logic Puzzle
7
Haikyuu Logic Quiz
8
Who stole Onew's chicken? (KPOP LOGIC QUIZ)
9
Celebrity Spelling Bee
10
Harry Styles-Are you no.1 fan
Explore More
Trending Topics
Kpop
NBA
Harry Potter
Marvel
Crossword
Disney
Anime
Song
NFL
Puzzle
Pokémon
The Office
Soccer
WWE
Country
hide this ad
More By:
sha7
Quiz
Plays
Rating
Category
Featured
Created
North Dakota Cities
8,073
4.45
Geography
Oct 1, 2009
Southwest Airlines Hubs
1,465
1.83
Geography
Sep 24, 2009
States' Airports
717
2.21
Geography
Oct 1, 2009
United Destinations from Dulles
598
5.00
Geography
Dec 22, 2010
World's Busiest Airports
494
1.91
Geography
Sep 24, 2009
Go to Creator's Profile
Score Distribution
Quiz Creator Spotlight
sha7
Follow
Send a Message
Quizzes Created
-
Created Quiz Play Count
-
More By This Creator
Popular Quizzes Today
1
Find the US States - No Outlines Minefield
2
Colored Red Africa Blitz
3
Find the 'City' Movie
4
The Countries of the World
5
Find the US States
6
5x2 Blitz: Bands
7
Find the Countries of Europe - No Outlines Minefield
8
US States
More Entertainment Quizzes
5x2 Blitz: Comic Books
Quiz Lab
Trending Quizzes
Colored Red Europe Blitz I
Colored Red Europe Blitz II
Colored Red Africa Blitz II
Colored Red Africa Blitz III
Colored Red Europe Blitz III
Recently Updated
Odd Team Out - Big 4 Players
pecheneg
Quick Pick: 20 Twenties
pecheneg
March Madness Men's Triple Doubles
pecheneg
How Do You Spell That?
pecheneg
Godzilla Movies
pecheneg
Grab Bag: 4-10 Letters
pecheneg
2024 March Madness Bracket
pecheneg
Famous TV Couples
Peacemaker
Champions League XIs: Real Madrid
pecheneg
Largest US Cities 1790-2010
pecheneg
Trending Topics
Crossword
Marvel
Disney
Anime
Kpop
Harry Potter
NBA
NFL
Country
The Office
Pokémon
Soccer
Puzzle
WWE
Song
Your Account Isn't Verified!
In order to create a playlist on Sporcle, you need to verify the email address you used during registration. Go to your
Sporcle Settings
to finish the process.
Report this User
Report this user for behavior that violates our
Community Guidelines
.
Details:
Send Report
Go to the Sporcle.com Mobile Site →
Comments